000 00791nam a22002297a 4500
005 20230918114945.0
010 _aENG-138090
020 _a9789357055215
_c1049.00
035 _aEN-121622
037 _bDBAD/PUB
082 _a658.8
_219
100 _aKotler, Philip
_956794
245 _aPrinciples of Marketing/
_cBy Philip Kotler...[et.al]
250 _a19
260 _aUttar Pradesh
_bPearson India Education Services Pvt. Ltd.
_c2023
270 _a1st Floor, Berger Tower, Plot No. C-001A/2, Sector 16B
_bNoida (Uttar Pradesh)
_e201301
300 _a736p.
_c26cm(pbk)
_bIndex
700 _aAmstrong, Gary
_eAuthor
_956795
700 _aBalasubramanian, Sridhar
_eAuthor
_956796
700 _aAgnihotri, Prafulla
_eAuthor
_956797
942 _2ddc
_cEN
_h658.8
_mKOT
_e19
999 _c198261
_d198261